| 000 | 02400cam a22001934a 4500 | ||
|---|---|---|---|
| 005 | 20250605164135.0 | ||
| 008 | 250528s ||||||||||||||||||||||||d | ||
| 035 | _a18759 | ||
| 020 | _a960734457 | ||
| 040 |
_aGR-AtMCL _bgre _dGR-AtMCL _eAACR2 |
||
| 245 | 1 | _aΕυρωπαϊκή Ολοκλήρωση / Ιστορία - Συνθήκες - Θεσμοί - Διευρύνσεις - Βασικές Πολιτικές | |
| 260 |
_bΣύγχρονη Εκδοτική, _c1996 |
||
| 300 | _a720 | ||
| 520 | _aΕυρετήριο Συντομογραφιών, Πρόλογος, Ευρώπη: Πεδίον Αιματηρών Συγκρούσεων Αιώνων, Ειρηνευτικές και Ενωτικές Προσπάθειες στην Ευρώπη πρίν και μετά τον Β' Παγκόσμιο Πόλεμο, Η Ευρωπαϊκή Κοινότητα Άνθρακα και Χάλυβα, Η Ευρωπαϊκή Οικονομική Κοινότητα - ΕΟΚ και η Ευρωπαϊκή Κοινότητα Ατομικής Ενέργειας - Ευρατόμ, Η Συνθήκη περί Ιδρύσεως της Ευρωπαϊκής Οικονομικής Κοινότητας - ΕΟΚ, Η Ενιαία Ευρωπαϊκή Πράξη - ΕΕΠ, Η Συνθήκη για την Ευρωπαϊκή Ένωση, Άλλες Κοινοτικές Συνθήκες και Σημαντικές Θεσμικές Αποφάσεις, Οι Διευρύνσεις των Ευρωπαϊκών Κοινοτήτων, Τα Κοινοτικά Όργανα, Από την Ευρωπαϊκή Ζώνη Ελεύθερων Συναλλαγών στον Ευρωπαϊκό Οικονομικό Χώρο, Οι Εξωτερικές Σχέσεις της ΕΟΚ, Η Αρχική Δομή της Κοινής Γεωργικής Πολιτικής - ΚΓΠ, Τα Αποτελέσματα της ΚΓΠ - Κρίσεις και Μεταρρυθμίσεις, Η Νέα Κοινή Γεωργική Πολιτική, Η Κοινή Αλιευτική Πολιτική - ΚΑΠ, Ο Προϋπολογισμός των Ευρωπαϊκών Κοινοτήτων, Η Διαρθρωτική Πολιτική της ΕΟΚ, Η Οικονομική και Νομισματική Ένωση - ΟΝΕ, Περιεχόμενα. | ||
| 700 | 1 |
_aΔασκαλου Γεωργιος Χρ _95008 |
|
| 942 | _cBK | ||
| 999 |
_c4075 _d4075 |
||